=LDR 00000nam 2200000 4500 =001 INLIS000000000029747 =005 20130612131944 =008 ***********************************Ind** =035 ##$$0010-061300000029747 =041 ##$$a Ind =082 ##$$a 352.73 =090 ##$$a 352.73, Yuw p =100 ##$$a Yuwono, Sony =245 ##$$a Penganggaran sektor pablik, oleh Sony Yuwono =260 ##$$a 2005 $b Malang =300 ##$$a x, 400 hlm, ilus, 25 cm =650 ##$$a Anggaran Publik =850 ##$$a NBPNMAT =990 ##$$a 0001/BPAP-NTB/20142015 =990 ##$$a 0001/BPAP-NTB/20142015